Anime by opening song - Statistics

General Stats
  • This quiz has been taken 302 times
  • The average score is 20 of 52
Answer Stats
Hint Answer % Correct
departure hunter x hunter
78%
unravel tokyo ghoul
78%
gurenge demon slayer
75%
inferno fire force
69%
silhouette naruto shippuden
69%
the rumbling attack on titan
67%
kick back chainsaw man
66%
black catcher black clover
64%
We are one piece
64%
DADDY ! DADDY ! DO ! Love is War
63%
crossings fields sword art online
63%
cha-la head-cha-la dragon ball z
60%
The hero One Punch man
58%
Kyoran Hey Kids!! noragami
55%
a cruel angel thesis evangelion
54%
KAIKAIKITAN jujutsu kaisen
53%
the world death note
51%
the day My hero academia
51%
Snow fairy fairy tail
50%
Hacking to the Gate Steins;Gate
47%
goodmorning world dr stone
42%
again Full metal alchemist Brotherhood
42%
renai circulation bakemonogatari
40%
99.9 mob psycho 100
39%
Wild Side beastars
38%
kimi no sei Bunny Girl Senpai
38%
re:re erased
37%
go!!! naruto
35%
bye bye yesterday Assassination Classroom
34%
redo re:zero
34%
Tank! Cowboy Bebop
33%
dan dan kokoro dragon ball gt
29%
voracity overlord
29%
touch off promised neverland
29%
imagination haikyuu
24%
Chase Jojo's bizarre adventure
24%
Sakuramitsutsuki gintama
22%
liar mask akame ga kill
21%
melissa Full metal alchemist
21%
chAngE Bleach
20%
resonance soul eater
20%
fantastic dreamer Kono Subarashii Sekai ni Shukufuku wo!
18%
genkaitoppa x survivor dragon ball super
17%
howling seven deadly sins
12%
makafushigi adventure! dragon ball
11%
can do kuroko's basket
10%
Driver's high Great teacher onizuka
9%
Tachiagariyo Inazuma eleven
6%
storyteller Tensei shitara Slime Datta Ken
6%
Sirius kill la kill
4%
lonely go boruto
2%
amazing break terraformars
1%
No matching quizzes found
Score Distribution
Percent of People with Each Score
Percentile by Number Answered
Your Score History
You have not taken this quiz